[Event "Hamburg HSK"]
[Site "Hamburg"]
[Date "1996.??.??"]
[Round "2"]
[White "Fries Nielsen, Jens Ove"]
[Black "Wahls, Matthias"]
[Result "1/2-1/2"]
[WhiteElo "2425"]
[BlackElo "2540"]
[Annotator "Har Zvi,R"]
[PlyCount "125"]
[EventDate "1996.10.03"]
[EventType "tourn"]
[EventRounds "9"]
[EventCountry "GER"]
[EventCategory "9"]
[SourceTitle "CBM 056"]
[Source "ChessBase"]
[SourceDate "1997.02.01"]
[SourceVersion "1"]
[SourceVersionDate "1997.02.01"]
[SourceQuality "1"]

1. e4 c5 2. Nf3 d6 3. Bb5+ Bd7 4. Bxd7+ Qxd7 5. O-O Nc6 6. Qe2 Nf6 7. b3 g6 (
7... e6 8. Bb2 Be7 9. c4 O-O (9... e5 10. Nc3 Nd4 11. Qd3 $1 {with the idea
Ne1-c2-e3}) 10. d4 cxd4 (10... d5 11. e5 Ne4 12. Rd1 $14) 11. Nxd4 d5 (11...
Rac8 12. Rd1 a6 13. Nc3 $14) 12. exd5 exd5 (12... Nxd4 13. Bxd4 exd5 14. Rd1
$14) 13. Nxc6 $1 bxc6 14. Rd1 Rfe8 15. Qf3 Rad8 16. cxd5 cxd5 (16... Nxd5 17.
Nd2 $1 {with Nc4}) 17. Nc3 Bd6 18. Ne2 $14 {Yudasin,L-Aseev,K Sankt_Peterburg
1996 66/166 [Yudasin,L]}) 8. Bb2 Bg7 9. Nc3 (9. d4 cxd4 10. Nxd4 Nh5 $1 (10...
O-O 11. c4 a6 12. Rd1 b5 13. Na3 (13. cxb5 Nxd4 14. Bxd4 axb5) 13... Nxd4 14.
Bxd4 Qb7 15. f3 bxc4 16. Nxc4 a5 17. Rac1 $14 {Abramovic,B-Marjanovic,S Jug-ch
1985}) 11. Rd1 Nf4 12. Qf3 Ne6 13. c3 {Timman,J-Lutz,Ch Dortmund 1994 61/202 
[Lutz,Ch]}) 9... O-O 10. Rab1 e5 $1 {XBb2,with the ideas d5 or f5} 11. d3 Rfe8
12. a3 d5 13. Nxd5 Nxd5 14. exd5 Qxd5 $15 15. Rfe1 Rad8 16. Rbd1 h6 17. h3 Re6
{black's idea is one day to advance the king's side pawns,while white has no
counter play at all since he can do nothing in the center} 18. Qe4 Qd6 19. Nd2
b5 {Xc4} 20. Nf3 (20. a4 a6) 20... Qc7 21. c4 {now the d3 pawn becomes weak} a6
22. Qe2 Qb6 23. Rb1 Rd7 24. Qc2 b4 25. a4 Qd8 $17 26. Re3 h5 {the idea is Bh6
so white play Ne1 after his pieces are tied down to defend th d4 pawn,it seems
very strange black has done nothing special but got a fantastic position,but
really it is the structure which gave black his plus} 27. Ne1 (27. h4) (27.
Rbe1 $5 {was a better try}) 27... f5 28. Re2 Red6 29. Ra1 Bf6 30. Qc1 Re7 31.
Qb1 Qd7 32. Qc2 g5 33. Rd1 g4 34. Qc1 Rg7 (34... gxh3 35. gxh3 (35. Qe3 $8 hxg2
36. Qxc5) 35... Rg7+ 36. Kh2 (36. Kh1 Nd4 $1 37. Bxd4 Rxd4 {with the idea Rh4}
38. Kh2 e4 $17 {/-+}) (36. Ng2 $4 f4 $19) 36... Bg5 $1 37. Qb1 Bf4+ 38. Kh1 Nd4
$1 39. Bxd4 cxd4 $19 {and the game is over}) 35. h4 $1 {of course 35.hxg4 is
not possible because of 35...hxg4 and white will probablt get mated on the "h"
but this tricky moves closes the "h" file,but of course black's position
remains winning} (35. Qe3 Nd4 36. Bxd4 cxd4 $19) 35... Bxh4 36. Bxe5 Re6 37.
Qf4 $2 (37. d4 $8 Nxd4 $1 $19 (37... cxd4 $2 38. Nd3 $13) 38. Rxd4 cxd4 39. Nd3
) 37... Rge7 38. d4 cxd4 $4 {a terrible unexplained move [ the reason is
probably a serious time trouble ] instead of this move after 38...Nxe5 black
is simply a piece up,now things become less clear} 39. Nd3 Nxe5 (39... Qe8 $32
40. Rde1 Qg6) 40. Rxe5 {of course not 40.Nxe5?? Qe8! 41.Rde1 d3 winning} Rxe5
41. Nxe5 Qd6 42. Nd3 Qxf4 43. Nxf4 g3 (43... Re4 $1 44. Nxh5 (44. Nd5 a5 45. c5
$2 Re5) 44... Kf7 {Xh5}) 44. fxg3 Bxg3 45. Nxh5 Be5 46. Kf2 Kf7 (46... Rh7 47.
Re1) 47. Rd3 Ke6 48. g3 Rh7 49. Nf4+ Kd6 50. Kg2 Rg7 51. Kf3 Kc5 {probably a
mistake in the text!! since i do not thing both white and black had missed the
simple Ne6??} 52. Ne2 Rh7 53. Kg2 Rg7 54. Kf2 Rd7 55. Kf3 Rf7 56. Rd1 Rg7 57.
Kf2 a5 58. Rd3 Rh7 59. Kg2 Rh5 60. Rf3 Kd6 61. Rd3 Kc5 62. Rf3 Kd6 63. Rd3 (63.
Nc1 Kc6 64. Nd3 Bd6) 1/2-1/2

[Event "Ciocaltea Memorial"]
[Site "Bucharest"]
[Date "1999.03.06"]
[Round "3"]
[White "Iordachescu, Viorel"]
[Black "Conquest, Stuart"]
[Result "0-1"]
[WhiteElo "2539"]
[BlackElo "2488"]
[Annotator "Har Zvi,R"]
[PlyCount "70"]
[EventDate "1999.03.04"]
[EventType "tourn"]
[EventRounds "13"]
[EventCountry "ROU"]
[EventCategory "10"]
[SourceTitle "CBM 070"]
[Source "ChessBase"]
[SourceDate "1999.06.08"]
[SourceVersion "1"]
[SourceVersionDate "1999.06.08"]
[SourceQuality "1"]

1. e4 c5 2. Nf3 d6 3. Bb5+ Bd7 4. Bxd7+ Nxd7 5. c4 g6 6. O-O Bg7 7. d4 (7. Nc3
Rc8 8. d3 Ngf6 9. Re1 O-O 10. h3 Ne5 11. Bg5 h6 12. Bh4 Nfd7 13. Nd5 Re8 14.
Nxe5 dxe5 15. f3 Nb8 16. a3 Nc6 17. Rb1 b6 18. b4 $13 {1/2-1/2 Kobas,
A-Marjanovic,S/Zenica 1987/TD 87\06 (83)}) 7... cxd4 8. Nxd4 Ngf6 9. Nc3 a6 (
9... O-O 10. Be3 a6 11. Rc1 Rc8 (11... Nc5 12. f3 Ne6 13. Nxe6 fxe6 14. Qb3 Qd7
15. Na4 Qc6 16. Rfd1 Kh8 17. Nb6 Rad8 18. Rc2 Nd7 19. Nxd7 Rxd7 20. Bb6 $14 {
1-0 Franzen,J-Ac,M/SVK-ch 1985/MCD-ch (48)}) 12. b3 Re8 13. f3 Qa5 14. Qd2 Ne5
15. Rfd1 Nc6 16. Qf2 Nd7 {1/2-1/2 Grivas,E-Skembris,S/Akropolis 1992/CBM 30})
10. b3 O-O 11. a4 {this is quite a standeard position for this variation only
that the black's knight normally stand on c6 not on d7} Qa5 12. Bd2 Rfe8 13.
Re1 Rac8 14. Rb1 Qh5 15. Nf3 {well the opening is over and we can that white
is slightly better mainly thanks to the bad location of black's knight on d7,
again it is not a lot but when u get slight advantage with this variatiob you
should be very happy} e6 {with the idea d5} (15... Ne5 16. Nxe5 Qxe5 17. Nd5
$14) 16. h3 Red8 (16... d5 $4 17. e5 {[%csl Rf6]}) 17. Qe2 h6 18. Red1 {[#]} g5
$5 {to ne honest I play this type of positions quite alot both with the white
and the black pieces,and do not remember analysing or even thinking about such
an idea,so of course at first I thought well just a tricky move white must be
much better after it,but now after analysing this for some more time I think
it's a very interesting idea maybe not a positional good move but certainly
not bad for some tactics here} 19. Rbc1 {well this is really no move since
after Nc5 white simply playes Rb1 back so what is Rbc1 but not easy to find a
plan for white} (19. Nd4 Qg6 (19... Qxe2 20. Ndxe2 $14 {[%csl Gd6][%cal Gd2e3]}
)) 19... Nc5 20. Rb1 g4 $5 (20... Ncd7 $5 {I wonder what white was going to
play after it?? maybe Rbc1 again?}) 21. hxg4 {white must take on g4 since
moving the knight ia losing a pawn} (21. Nh2 gxh3 22. Qxh5 Nxh5 23. gxh3 Bxc3
24. Bxc3 Nxe4) 21... Nxg4 22. Be1 (22. g3 Qh3 23. Be1 h5 {[%cal Gh5h4] when
black's plan is very simple h4 and after gxh4 Be5 or moving the king first to
h8 and then Rg8 when white can not play Qf1 because of QxQ followed by Bxc3
and Nxe4}) 22... Nd7 $6 {this move turned in the end very good for black since
after white took on "d6" black got immediately strong attack,but I think white
must think here how to free his king to he had to play g3,that's why I think
Nd7 is not so good is allowes white to free his position with g3 since after
Qh3 white can play Qf1 because the "e4" pawn is not hanging after Bxc3,but
there is no clear way for black to play here} (22... Kh7 23. b4 Nd7 24. Rxd6
Be5 25. Rd3 Bh2+ 26. Kf1 Bb8 (26... Bc7) 27. Kg1 Nde5 28. Rxd8 Rxd8 29. g3 $13)
23. Rxd6 (23. g3 Nde5 24. Nh4 Nc6 25. Kg2 $13) 23... Be5 24. Rd3 Bh2+ 25. Kf1
Bc7 26. Kg1 (26. Qd2 Nc5 $17) 26... Bh2+ 27. Kf1 Bc7 28. Kg1 Nde5 29. Rxd8+
Rxd8 30. Rd1 (30. g3 $2 Nxf2 $1 31. Bxf2 (31. Nxe5 Qh1+ 32. Kxf2 Bb6+ 33. Qe3
Qh2+ 34. Kf3 Qh5+ $1 {the only to win immdiately Bxe3 is a mistake} 35. Ng4 (
35. g4 Qh3+) 35... Bxe3) (31. Kxf2 Qh1 $3 {[%cal Ge5g4,Gc7b6] winning}) 31...
Qxf3 32. Qxf3 Nxf3+ 33. Kg2 Rd3 $17) 30... Rf8 $1 31. g3 $4 (31. c5 f5) (31.
Nb1 $8 {white must protect his knight on f3!! that's why Nb1 becasue he is
going to d2,this is ugly but the only way to play with white as I see it} f5
32. Nbd2 {[%cal Gd2f1]} (32. exf5 Nxf3+ (32... Rxf5 33. Nbd2 Ba5 $1 $17 {
the fight for the "f3" knight!} 34. Qe4 Bxd2 35. Nxd2 Nxf2 $19) 33. Qxf3 Qh2+
34. Kf1 Qh5 35. Kg1 $11) 32... Nxf3+ (32... Ba5 33. Nf1 $16) 33. Nxf3 (33. Qxf3
fxe4 34. Qxe4 Nxf2 $19) 33... Bh2+ 34. Kf1 Bg3 35. Kg1 $11) 31... Qh3 $19 {
and now what to play??} 32. Nb1 {too late!!} Bb6 $1 33. Nbd2 Qxg3+ 34. Kf1 Qh3+
35. Kg1 Kh7 $19 {[%mdl 8384] (+)} 0-1

[Event "Serbian-ch 29th"]
[Site "Sabac"]
[Date "1998.04.28"]
[Round "9"]
[White "Relange, Eloi"]
[Black "Markovic, Miroslav"]
[Result "0-1"]
[WhiteElo "2490"]
[BlackElo "2540"]
[Annotator "Har Zvi,R"]
[PlyCount "100"]
[EventDate "1998.04.20"]
[EventType "tourn"]
[EventRounds "13"]
[EventCountry "YUG"]
[EventCategory "9"]
[SourceTitle "CBM 065"]
[Source "ChessBase"]
[SourceDate "1998.08.06"]
[SourceVersion "1"]
[SourceVersionDate "1998.08.06"]
[SourceQuality "1"]

1. e4 c5 2. Nf3 d6 3. Bb5+ Bd7 4. Bxd7+ Qxd7 5. c4 Nc6 6. Nc3 Ne5 7. d3 (7. d4
Nxf3+ (7... cxd4 8. Qxd4 Nc6 (8... g6 9. Nxe5 Bg7 10. Nxd7 Bxd4 11. Nb5) 9. Qd2
Nf6 10. O-O g6 11. b3 Bg7 12. Bb2 O-O 13. Rfe1 Ng4 14. Rad1 Rad8 15. h3 Nge5
16. Nh2 Nb4 17. Qe2 g5 18. Nd5 Nxd5 19. exd5 Rfe8 20. Bc1 $14 {Belikov,
V-Golubev,M/Moscow 1996;CBM55 [Golubev,M]}) 8. gxf3 cxd4 9. Qxd4 e6 10. Be3 (
10. Bg5 h6 11. Bh4 Ne7 {[%cal Ge7c6]} (11... e5 {[%csl Rh4][%cal Gg7g5]})) (10.
Rg1 Ne7) 10... Ne7 11. O-O-O Nc6 12. Qd2 Rd8 (12... Ne5 13. Qe2 Qc6 14. b3) 13.
Rhg1 Qc8 (13... g6 14. Bg5 $1 $36 (14. Bxa7 $2 Nxa7 15. Qd4 {[%cal Gd4a7,Gd4h8]
} Bh6+ 16. Kc2 O-O 17. Qxa7 Qc6 $44 {[%cal Gh6f4,Gf4e5]})) 14. f4 $40 {1-0
Rublevsky,S-Becerra Rivero,J/WchT 4th 1997/CBM 62/[HarZvi] (32)}) (7. Nxe5 dxe5
8. Qh5 Qd4 (8... Qd6 9. Nb5 Qb8 10. d3 a6 11. Nc3 e6 12. O-O Nf6 13. Qe2 Bd6 (
13... Nd7 14. g3 Qc7 15. f4 exf4 16. gxf4 g6 17. e5 Bg7 18. Ne4 O-O 19. Be3 f6
20. exf6 Bxf6 21. Nxf6+ Nxf6 22. d4 Nh5 $132 {1/2-1/2 Titov,G-Rashkovsky,N/
URS-ch58 1991/URS-ch (67)}) 14. Bd2 O-O 15. Rae1 Nd7 16. g3 b5 17. g4 Rd8 18.
b3 Nf8 19. Be3 Ng6 $15 {0-1 Nevednichy,V-Arbakov,V/Tiraspol 1994/CBM 40 (48)})
9. Qe2 (9. O-O Nf6 10. Qe2 O-O-O 11. Rd1 Qd3 12. Qxd3 Rxd3 13. Kf1 e6 14. Ke2
Rd8 15. a3 Nd7 16. b4 cxb4 17. axb4 Bxb4 18. Rxa7 Bxc3 19. dxc3 Nc5 20. Rxd8+
Rxd8 21. f3 {1/2-1/2 Komliakov,V-Atalik,S/Ciocaltea mem 1995/CBM 48}) 9... e6
10. d3 Qd7 11. O-O Ne7 12. f4 exf4 13. Bxf4 Ng6 14. Bg3 Be7 15. e5 O-O 16. Kh1
Rad8 17. Rf3 a6 $13 {1/2-1/2 Nevednichy,V-Tseitlin,M/Bucharest 1993/CBM 34 (30)
}) 7... e6 8. O-O (8. Bf4 Nxf3+ 9. Qxf3 Ne7 10. O-O Ng6 11. Be3 Be7 12. d4 cxd4
13. Bxd4 O-O 14. g3 Qc7 15. b3 Qa5 16. Rac1 a6 17. Qe2 Ne5 $11 {1/2-1/2 Adler,
V-Shipov,S/Groningen op 1994/EXP 45 (25)}) 8... Nf6 (8... Ne7 9. Ne1 O-O-O (
9... g6 10. Nc2 Bg7 11. f4 N5c6 12. Be3 O-O 13. d4 cxd4 14. Nxd4 Rfd8 15. Qd3
Rac8 16. Rad1 a6 $132 {1/2-1/2 Margolin,B-Atalik,S/Cappelle op 1995/EXT 95op2 
(26)}) 10. f4 N5c6 11. Be3 g6 12. Nf3 Bg7 13. Rc1 Nd4 14. Bxd4 cxd4 15. Ne2 Nc6
$13 {0-1 Martens,M-Piket,J/OHRA-B 1988/CBM 09 (45)}) (8... Nxf3+ 9. Qxf3 Ne7
10. Qg3 Nc6 11. f4) 9. h3 Be7 10. Be3 O-O 11. b3 a6 (11... Nxf3+ 12. Qxf3 d5
13. e5 Ne8 (13... d4 14. exf6 Bxf6 (14... gxf6 15. Bh6) 15. Ne4 dxe3 16. Qxf6
$1 $18) 14. cxd5 $16) 12. a4 (12. d4 Nxf3+ 13. Qxf3 cxd4 14. Bxd4 b5) 12... Ng6
13. d4 Qc7 14. Qc2 (14. d5 $5) 14... Rad8 15. Rad1 cxd4 16. Nxd4 $14 {so
finally we got a typical position for this line,white should be quite happy,he
has a slight advantage with a very pleasent play,he simply has to push the
pawns on the king's side play something such as f4-f5 or f4-g4.what is most
important for white here is not to allow black to play b5 or d5 since without
this black has really no counterplay} Rfe8 17. f4 Nf8 18. g4 {white begins is
plan on the king's side,but as we will despite his big space advantage it's
not easy at all to convert it into real advantage,since black has no weakness}
(18. f5 $5 {this is another alternative and maybe a better one than what has
been played in the game,since white does not weaken his king so quickly and
will be able to play g4-g5 when he wishes} N6d7 19. fxe6 fxe6 20. Nce2 Bf6 21.
Nf4 $14) 18... h6 19. Kh1 (19. Qg2 $5) 19... N6d7 20. Qf2 (20. f5 $5 Bf6 21.
fxe6 fxe6 22. Nce2 Ng6 $132) 20... Qa5 {typical to this variation black queen
attacks white knight and after "a4" the "b3" pawn disturbing white to play on
the king's side} 21. Bd2 (21. Nce2 Nc5 22. Qf3 Ng6 $132) 21... Qc5 {so white
has everything in place but what to do now?? it seems that white also was not
sure} 22. Be3 (22. a5 $6 Bf6 $1 (22... Qxa5 23. Nd5 Qc5 24. Bb4 Qc8 25. Nxe7+
Rxe7 26. Bxd6) 23. Nce2 e5 $132) 22... Qb4 23. Bd2 Qc5 24. Be3 (24. f5 $142 $5
$14 {to me this seems as the way to try a play here,by playing Be3-Bd2 white
seems to be satisfied with a draw black not so much}) 24... Qa5 25. Bd2 Qc7 {
after 25...Qc5 26.Be3 the position repeats for the third time =draw but black
has other plans} 26. h4 (26. f5 $5 {again this was a possible move}) 26... Bf6
27. g5 Bxd4 28. Qxd4 h5 29. Be3 (29. Qf2 $5 Nc5 30. Rb1 Qc6 31. Qf3 Ng6 32. Be1
$36 {[%csl Rh5]}) 29... Nb8 (29... Nc5 $5) 30. Qb6 Qc8 (30... Qxb6 31. Bxb6 Rd7
32. Rf2 $16 {[%cal Gf2d2,Gh1g2,Gg2g3]}) (30... Qe7 31. f5 $16) 31. f5 (31. Rxd6
Rxd6 32. Qxd6 Rd8 33. Qc5 (33. Qe5 Nc6 34. Qc5 Rd3 $17) (33. Qa3 Ng6 $36) 33...
Qxc5 34. Bxc5 Rd3 35. Rd1 (35. Rc1 $2 Ng6 36. Bb6 Nc6 $17) (35. Bxf8 Rxc3 $1 (
35... Kxf8 36. Rd1 $11) 36. Bd6 Nc6 $36 {[%csl Rb3,Re4,Rh4]}) 35... Rxc3 36.
Bxf8 Nc6 $1 (36... Kxf8 37. Rd8+ Ke7 38. Rxb8 Rxb3 39. c5 $11) 37. Bc5 Rxb3 $15
{/-/+}) 31... Nc6 32. Bg1 {[%cal Gg1h2]} exf5 33. exf5 Nd7 34. Qf2 Nde5 35. Qg2
(35. Ne4 $5) 35... Ng4 36. Nd5 (36. Ne4 $142 Qc7 37. Rfe1 $16) 36... Ne7 37. g6
fxg6 (37... Qc6 $5 38. gxf7+ Kxf7 39. Nf4 Nf6 40. Ne6 Qxg2+ 41. Kxg2 Rd7 42.
Ng5+ Kg8 43. Bd4 $14) (37... Nxd5 38. gxf7+ Kxf7 39. Rxd5 $16 (39. Qxd5+ Kf8
40. f6 Nxf6 41. Qxh5 Qh3+ 42. Bh2 Qxb3 $1 43. Rxf6+ gxf6 44. Qh8+ Kf7 45. Qh7+
Kf8 $11) 39... Re5 40. Bd4 $1) 38. Nxe7+ Rxe7 39. Qd5+ Kh8 40. fxg6 {we have
reached a very interesting position, both king seems very weak but from
different reason while black's king is in the corner with no space at all,
white's king has all the space in the world maybe too mcuh I should say,it
seems that black active play combined with white's weak king give him not
worse chances here} Nh6 (40... Re5 41. Qf3 {[%cal Gg1d4]} Nh6 42. Bd4 Rf5 43.
Qe3 Kg8 $13) (40... Ne5 $5) 41. Qxh5 Re4 $6 (41... Re3) (41... Qh3+ $5 42. Bh2
Qxb3 43. Rd4 $5 (43. Rxd6 Rde8 $36) (43. Bf4 Re4 $1 $17) (43. Bxd6 Re4 $1 $36 (
43... Red7 44. c5 Qxa4 45. Rd3 $13)) (43. c5 d5 44. Rf7 Rxf7 (44... Rde8 $5)
45. gxf7 Rf8 46. Bf4 (46. Qxd5 Qxa4 $17) 46... Qh3+ 47. Kg1 Qe6 $15 (47... Rxf7
48. Bxh6 $11))) 42. Bh2 (42. Rd3 $5 $16) 42... Rde8 (42... Qh3 43. Rf3 Qxh4 44.
Qxh4 Rxh4 45. Kg2 $14 {/+/-,now the king are very important and black's one is
very bad}) 43. Rxd6 Re1 (43... Qh3 44. Qf3 Rxh4 (44... Qxh4 45. Rd2 $16) 45.
Rd2 (45. Qxh3 Rxh3 $13)) 44. Rd1 (44. Rxe1 Rxe1+ 45. Kg2 Qe8 $36 {[%csl Rg2]})
44... R1e3 (44... Qc6+ 45. Kg1 R1e6 46. Qd5 Rxg6+ 47. Kh1 Rg4 (47... Re3)) 45.
Qd5 $6 (45. Kg1 $1 $16) 45... Qh3 46. Qc5 $2 (46. Qg5 Rf3 (46... R3e4)) 46...
Rf3 $1 $11 47. Rfe1 (47. Rg1 $2 Rf5 48. Qd6 (48. Qd4 $2 Re2 $19) 48... Ng4 $19)
(47. Rf2 b6 $1 {of course,just remove the queen from the fifth rank so now
black is able to play Ng4} 48. Qd4 (48. Qxb6 Ng4 $19) 48... Ng4 49. Rg2 Rg3 $1
$19 50. Re2 (50. Rgd2 Rge3 $19) 50... Rge3) 47... Ref8 48. Qg5 $8 Rxb3 (48...
Ng4 49. Qh5+ Nh6 50. Qg5 $11) 49. Rd8 $4 (49. Kg1 Ng4 50. Qh5+ Nh6 51. Qg5 $11)
49... Qf3+ 50. Kg1 Qf2+ 0-1

[Event "Donetzk zt"]
[Site "Donetsk"]
[Date "1998.11.02"]
[Round "1"]
[White "Zubarev, Alexander2"]
[Black "Savchenko, Stanislav"]
[Result "1/2-1/2"]
[WhiteElo "2440"]
[BlackElo "2555"]
[Annotator "Har Zvi,R"]
[PlyCount "66"]
[EventDate "1998.11.02"]
[EventType "swiss"]
[EventRounds "11"]
[EventCountry "UKR"]
[SourceTitle "CBM 068"]
[Source "ChessBase"]
[SourceDate "1999.02.01"]
[SourceVersion "1"]
[SourceVersionDate "1999.02.01"]
[SourceQuality "1"]

1. e4 c5 2. Nf3 d6 3. Bb5+ Bd7 4. Bxd7+ Qxd7 5. c4 Nc6 6. Nc3 g6 7. d4 cxd4 8.
Nxd4 Bg7 9. Be3 Nf6 10. f3 O-O 11. O-O a6 12. a4 {black has 2 plans in this
positions b5 or d5,white has 2 plans also to play a4-Nde2 but then the bishop
is better placed on g5 and it's better to play it first with the bishop on c1 
[immediately Nde2 and a4-b3] or to play Qd2 and b3 with rac1 and rfd1} (12. Rc1
Rac8 13. b3 Nxd4 14. Bxd4 e6 15. Qd3 Rc6 16. Rcd1 Qc7 17. f4 Rc8 18. a4 Ng4 19.
Bxg7 Kxg7 20. h3 Nf6 21. Qd4 $13 {0-1 Kaplan,J-Velimirovic,D/IBM 1974/MCL 04 
(72)}) 12... e6 (12... Rac8 13. b3 Rfe8 (13... e6 14. Rc1 Rfd8 15. Qd2 Na5 16.
Nce2 Qc7 17. Qa2 {1/2-1/2 Platonov,I-Polugaevsky,L/URS-ch39 1971/URS-ch}) 14.
Qd2 Qd8 15. Rfd1 Nd7 16. Rab1 Nc5 17. Nce2 Qc7 18. Nxc6 Qxc6 19. a5 Qc7 20. Nf4
Bh6 21. Nd5 Bxe3+ 22. Qxe3 $14 {1-0 Jansa,V-Bogdanovic,R/Sarajevo 1972/MCD-r7 
(45)}) 13. Nde2 Qc7 {the queen is very bad on d7 on c7 it can go to a5-b4} 14.
Rc1 Nd7 15. b3 Nc5 $14 {[%csl Rd6] /= a standeard position,white has a slight
positional advantage mainly to his space advantage,but I think this is not so
terrible for black} 16. Rb1 Rac8 17. Kh1 Rfd8 18. Bg5 (18. Qd2 Na5 (18... Nxb3
19. Rxb3 Na5 20. Rbb1 Nxc4 21. Qd3 Nxe3 22. Qxe3 Bxc3 23. Rfc1 $18) 19. Qc2
Ncxb3 20. Rxb3 Nxb3 21. Qxb3 Qxc4 $36) 18... Re8 19. Bf4 Be5 {despite white's
space advantage it's easy what to do with it,when black has his weakness on d6
and white his on b3} 20. Bg3 (20. Bxe5 $2 dxe5 {[%csl Rd3,Rd4][%cal Gc8d8,
Gd8d1]}) 20... f5 21. exf5 gxf5 22. Qd2 Qg7 23. f4 (23. Bxe5 dxe5 {[%cal Gc6d4]
} 24. Qe3 Nd4 $13) 23... Bf6 24. Rf3 (24. Qxd6 Bxc3 $5 (24... Na5 $5 {[%csl
Rb3,Rc3]}) 25. Qxc5 Nd4 26. Qxc8 Rxc8 27. Nxc3 $13) 24... Nd4 $6 {this more is
a pawn sacrifise,the "d6" pawn,I am not sure if this is neccesary,Rcd8 seems
possible} (24... Rcd8 25. Bf2 Kh8 $13) 25. Nxd4 Bxd4 26. Ne2 Bf6 {[%csl Re4]}
27. Qxd6 Ne4 28. Qd1 Rcd8 {[%cal Ge4d2]} 29. Rd3 {force since otherwise black
playes Nd2} Rxd3 30. Qxd3 Rd8 31. Qe3 Qd7 {[%cal Gd7d2] this is really quite a
force position after black's pawn sarifise and indded it seems black has
enough compensation for his pawn} 32. Be1 (32. Qb6 $5 Qd3 33. Qxe6+ Kg7 34. Re1
Rd6 35. Qe8 (35. Qxf5 Nf2+) (35. Qc8 Qd2 36. Qe8 (36. Qxb7+ $4 Rd7) 36... Rd8
37. Qe6 Rd6 $11) 35... Qxb3 $36) 32... Qd3 33. Qxd3 Rxd3 {the position is not
clear at all black is a pawn down but has compensation all his pieces are
active he controls the only opoen file but on the other hand it's not clear
how to win what? both players prefers not to think to much...} 1/2-1/2